| 000 | 02381nam a2200193Ia 4500 | ||
|---|---|---|---|
| 003 | Ost | ||
| 005 | 20260507075800.0 | ||
| 008 | 260507s9999||||xx |||||||||||||| ||und|| | ||
| 040 | _cfsecg | ||
| 041 | _aara | ||
| 082 | _a658.1 | ||
| 100 |
_aأبو قحف، عبد السلام _eمؤلف |
||
| 245 | 0 |
_aإدارة الأعمال الدولية / _c عبد السلام أبو قحف |
|
| 260 |
_aالإسكندرية: _bالدار الجامعية, _c2005 |
||
| 300 |
_a532 صفحة؛ _bإيضاحات ؛ _c24 سم |
||
| 520 | _aقضية العولمة، العولمة التنوير الزائف، جدوى الاستثمارات الأجنبية، تحليل واستطلاع الاتجاهات نحو العولمة أو التدويل والخيارات البديلة، مفهوم الادارة الدولية و تصنيف الشركات على المستوى الدولي، بيئة الادارة الدولية، النماذج و الصيغ الجديدة للمنظمات على المستوى الكوني/ كيف ندير عبر ثقافات مختلفة- الادارة في ثقافات متباينة، إدارة حضارة- ثقافة الشركة، إدارة المخاطر السياسية والمفاوضات، التخطيط الاستراتيجي، طرق ومسارات غزو الأسواق الدولية، تنظيم وتوجيه الاستثمارات الاجنبية - السياسات والاجراءات و الحوافز بالدول المضيفة، تنظيم العمليات الدولية، إتخاذ القرارات و الرقابة، قياس الرفع الاستراتيجي وإطار الاستراتيجية الأحلاف الكونية، السلوك التنظيمي و ادارة الموارد البشرية- الدافعية والقيادة، الخصائص الاستراتيجية للاستثمار الأجنبي المباشر وعلاقتها ببلد المنشأ ومستوى الأداء في مصر، أسعار تمويل بين فروع الشركات العالمية، التحالفات الاستراتيجية بين الشركات الآسيو-عربية، الاستحواذ والاندماج الدولي في ظل مراعي العولمة- الواقع الحالي والجدوى والمدخل والمقترح للتفضيل. | ||
| 653 | _aإدارة الأعمال | ||
| 942 | _cكتاب | ||
| 999 |
_c46263 _d46263 |
||